00412pab a2200133 454500008004000000100001800040245013500058260000900193300001400202362001200216650002000228650001200248773001800260180718b2007 xxu||||| |||| 00| 0 eng d aIslam, Maidul aThe plight of Indian Muslims: some missing links in Sachar Committee Report and a possible alternative model of affirmative action c2007 ap.244-59. aJul-Sep aMuslims - India aMuslims aSocial Action